000 00594nam a2200181Ia 4500
008 191130s2009##################000#0#eng##
020 _a9781605472379
040 _aACL
_cACL
082 _a617.7 KLU
245 _aWound care : an incredibly visual! pocket guide
260 _aPhiladelphia, PA
_bLippincott Williams & Wilkins
_c2009
300 _av, 314 p. : col. ill
650 _aWounds and injuries -- Handbooks, manuals, etc
650 _aWounds and injuries -- Treatment -- Handbooks, manuals, etc
990 _a38d97647ac10000c363def3318b8859c
991 _a155124
999 _c99702
_d99702